000 01011nam a2200265 i 4500
001 59369
003 ES-MaACL
005 20250907063044.0
007 t|
008 031028s1986 sp ||||1| spa d
020 _a84-600-6708-4
100 1 _aElizalde, Ignacio,
_d1913-
_947009
245 1 0 _aPersonajes y temas barojianos :
_bpersonalidad humana, personalidad literaria, el problema de España, los curas, los anarquistas, la mujer vasca, Navarra en su obra /
_cIgnacio Elizalde.
250 _a2ª ed.
260 _a[Bilbao] :
_bUniversidad de Deusto,
_c1986.
300 _a279 p. ;
_c23 cm.
490 1 _aPublicaciones de la Universidad de Deusto. Letras ;
_v4
500 _aÍndice.
504 _aBibliografía: p. 265-269.
600 1 4 _aBaroja, Pío,
_d1872-1956-
_xCrítica e interpretación
_925756
710 2 _aUniversidad de Deusto.
_97172
830 1 _aPublicaciones de la Universidad de Deusto. Letras ;
_v4
_9230510
852 4 _aES-MaACL
_jL-11099
999 _c59369
_d59369